|
|
|
|
| LEADER |
00000cam a2200000 a 4500 |
| 001 |
vtls011716721 |
| 003 |
SK-MaSNL |
| 005 |
20260302020358.0 |
| 008 |
180105s2017 xr odalf nf 001 0 cze |
| 020 |
|
|
|a 9788020446657
|q (viazané)
|
| 040 |
|
|
|a SNK
|b slo
|c SNK
|e AACR2
|
| 041 |
0 |
|
|a cze
|
| 044 |
|
|
|a xr
|c CZ
|
| 072 |
|
7 |
|a 616-053.2
|x Pediatria
|2 konspekt
|
| 080 |
|
|
|a 616.43/.47-053.2
|2 2011
|
| 080 |
|
|
|a (035)
|2 2011
|
| 100 |
1 |
|
|a Pomahačová, Renata,
|d 1962-
|4 aut
|9 186036
|
| 245 |
1 |
0 |
|a Dětská endokrinologie do kapsy
|c Renata Pomahačová, Božena Kalvachová
|
| 246 |
3 |
4 |
|a Dětská endokrinologie
|
| 250 |
|
|
|a 2., doplněné a přepracované vydání
|
| 260 |
|
|
|a Praha
|b Mladá fronta
|c 2017
|
| 300 |
|
|
|a 143 strán
|b fotogr., grafy, ilustr., tab.
|c 19 cm
|
| 490 |
1 |
|
|a Aeskulap
|
| 500 |
|
|
|a Biogr. údaje o aut.
|
| 504 |
|
|
|a Bibliografia s. 133-134 ; register ; zoznam skratiek
|
| 650 |
0 |
7 |
|a detská endokrinológia
|2 SNKPH
|9 99516
|
| 650 |
0 |
7 |
|a Pediatric endocrinology
|2 SNKPHeng
|9 275908
|
| 655 |
|
7 |
|a príručky
|2 SNKPH
|9 74364
|
| 655 |
|
7 |
|a Handbooks, manuals, etc.
|2 SNKPHeng
|9 90964
|
| 700 |
1 |
|
|a Kalvachová, Božena,
|d 1946-
|4 aut
|9 12528
|
| 830 |
|
0 |
|a Aeskulap
|9 335108
|
| 919 |
|
|
|a 978-80-204-4665-7
|
| 958 |
|
|
|a MI
|
| 958 |
|
|
|a NB
|
| 958 |
|
|
|a CZ
|
| 999 |
|
|
|c 1024921
|d 1026851
|
| 952 |
|
|
|t snkPOM 616-053.2
|a SNKUST
|b SNKUST
|y PREZ
|7 0
|p 17A1321851
|o snkID 100112
|i snk2018/5725
|8 4
|g 8.88
|0 0
|1 0
|4 0
|d 2018-03-02
|l 0
|r 2025-04-30 00:00:00
|w 2026-02-24
|